NBA Best Starting Five For Each Team - Statistics

General Stats
  • This quiz has been taken 53 times
    30 since last reset
  • The average score is 87 of 150
Answer Stats
Answer % Correct
Dell Curry
91%
Dennis Rodman
91%
Michael Jordan
91%
Scottie Pippen
91%
DeAndre Jordan
87%
Giannis Antetokounmpo
87%
Kevin Durant
87%
Kobe Bryant
87%
Larry Bird
87%
LeBron James
87%
Nikola Jokic
87%
Russell Westbrook
87%
Shaquille O'Neal
87%
Stephen Curry
87%
A.C. Green
83%
Anthony Edwards
83%
Chris Paul
83%
Danny Green
83%
Draymond Green
83%
Dwyane Wade
83%
Jamal Murray
83%
Kawhi Leonard
83%
Kyrie Irving
83%
Tyrese Haliburton
83%
Aaron Gordon
78%
Chris Bosh
78%
Damian Lillard
78%
Dirk Nowitski
78%
James Harden
78%
Joel Embiid
78%
Jrue Holiday
78%
Klay Thompson
78%
Marc Gasol
78%
Michael Porter Jr.
78%
Otto Porter Jr.
78%
Pascal Siakam
78%
Rudy Gobert
78%
Blake Griffin
74%
Donovan Mitchell
74%
Isiah Thomas
74%
J.R. Smith
74%
Kyle Lowry
74%
Myles Turner
74%
Steve Nash
74%
Tristan Thompson
74%
Tyrese Maxey
74%
Anthony Davis
70%
Brook Lopez
70%
Dennis Johnson
70%
Dwight Howard
70%
Joe Johnson
70%
John Wall
70%
Larry Johnson
70%
Mike Conley
70%
Robin Lopez
70%
Tony Parker
70%
Jaden McDaniels
65%
Jason Kidd
65%
Kevin Love
65%
Khris Middleton
65%
Tim Duncan
65%
Al Horford
61%
Andrew Nembhard
61%
Bradley Beal
61%
Jarrett Allen
61%
Joe Dumars
61%
Karl-Anthony Towns
61%
Kentavious Caldwell-Pope
61%
Kevin McHale
61%
Patrick Ewing
61%
Tony Allen
61%
Amar'e Stoudemire
57%
Chris Webber
57%
CJ McCollum
57%
Kyle Korver
57%
LaMarcus Aldridge
57%
Robert Parish
57%
Serge Ibaka
57%
Shawn Marion
57%
Clint Capela
52%
Joe Harris
52%
Kendrick Perkins
52%
Mario Chalmers
52%
Ron Harper
52%
Aaron Nesmith
48%
Bill Laimbeer
48%
PJ Tucker
48%
Tobias Harris
48%
DeMarcus Cousins
43%
JJ Redick
43%
Luc Longley
43%
Tyson Chandler
43%
Zach Randolph
43%
Mike Bibby
39%
Paul Millsap
39%
Peja Stojakovic
39%
Glen Rice
35%
Jeff Teague
35%
Matt Barnes
35%
Zaza Pachulia
35%
Jason Terry
30%
Udonis Haslem
30%
Vlade Divac
30%
Muggsy Bogues
26%
Bojan Bogdanovic
22%
Donte DiVincenzo
22%
Hedo Turkoglu
22%
Jameer Nelson
22%
Marcin Gortat
22%
Danny Ainge
17%
Trevor Ariza
17%
Latrell Sprewell
13%
Nicholas Batum
13%
Rajon Rondo
13%
Rashard Lewis
13%
Allan Houston
9%
Anthony Mason
9%
DeMarre Caroll
9%
Markieff Morris
9%
Matisse Thybulle
9%
Rudy Gay
9%
Caris LeVert
4%
Charlie Ward
4%
Doug Christie
4%
Mark Agguire
4%
Quentin Richardson
4%
E'Twann Moore
0%
Royce O'Neale
0%
No matching quizzes found
Score Distribution
Percent of People with Each Score
Percentile by Number Answered
Your Score History
You have not taken this quiz since the last reset